Statistics for 50 States, 50 Musical Artists

Click here to take the quiz!

General Stats

  • This quiz has been taken 64 times
  • The average score is 20 of 50

Answer Stats

ArtistState% Correct
INMichael JacksonIndiana
93%
LALouis ArmstrongLouisiana
93%
MSElvis PresleyMississippi
81%
NJBon JoviNew Jersey
76%
HIBruno MarsHawaii
74%
NYLady GagaNew York
69%
KYBilly Ray CyrusKentucky
64%
TXBeyoncéTexas
64%
PATaylor SwiftPennsylvania
60%
MNBob DylanMinnesota
57%
ARJohnny CashArkansas
55%
GARay CharlesGeorgia
50%
ALLionel RichieAlabama
48%
OHJohn LegendOhio
48%
MIStevie WonderMichigan
45%
OKBlake SheltonOklahoma
43%
MOEminemMissouri
40%
SCJames BrownSouth Carolina
40%
AZChester BenningtonArizona
36%
IAJoey JordinsonIowa
36%
VAPharrell WilliamsVirginia
36%
CAJeff BuckleyCalifornia
33%
KSJanelle MonáeKansas
33%
NVBrandon FlowersNevada
33%
ORAminéOregon
33%
UTJewelUtah
33%
FLDebbie HarryFlorida
31%
IDJosh RitterIdaho
31%
WVBill WithersWest Virginia
31%
COIsaac SladeColorado
29%
MEHowie DayMaine
29%
MDFrank ZappaMaryland
29%
NHMandy MooreNew Hampshire
29%
WALayne StaleyWashington
29%
AKJohn GourleyAlaska
26%
ILLudacrisIllinois
26%
MAJames TaylorMassachusetts
26%
MTNicolette LarsonMontana
26%
NMJohn DenverNew Mexico
26%
TNTina TurnerTennessee
26%
WIAl JarreauWisconsin
26%
NCNina SimoneNorth Carolina
24%
WYKody TemplemanWyoming
24%
CTKaren CarpenterConnecticut
21%
NDWiz KhalifaNorth Dakota
21%
VTGrace PotterVermont
21%
DEStephen MarleyDelaware
19%
NEConor OberstNebraska
17%
RISage FrancisRhode Island
17%
SDShawn ColvinSouth Dakota
17%

Score Distribution

Percentile by Number Answered

Percent of People with Each Score

Your Score History

You have not taken this quiz